Click Mountain Ranges On A Map - Statistics

General Stats
  • This quiz has been taken 131 times
  • The average score is 15 of 20
Answers on the Map
Answers color-coded by a green-red scale on the quiz's map according to % correct below.
 
Answer Stats
Answer % Correct
Himalayas
95%
Alaska Range
94%
Andes
94%
Ural Mountains
92%
Rocky Mountains
91%
Alps
90%
Pyrenees
84%
Appalachian Mountains
83%
Sierra Nevada
82%
Carpathian Mountains
79%
Great Dividing Range
75%
Atlas Mountains
74%
Caucasus Mountains
74%
Cascade Range
69%
Hindu Kush
68%
Altai Mountains
66%
Southern Alps
63%
Annamite Range
57%
Pamir Mountains
54%
Tian Shan
45%
No matching quizzes found
Score Distribution
Percent of People with Each Score
Percentile by Number Answered
Your Score History
You have not taken this quiz